[Event "CRO-ch Top 10 U16"]
[Site "Rijeka"]
[Date "2020.01.06"]
[Round "6"]
[White "Tomljanovic, Ivano"]
[Black "Mikulic, Petar"]
[Result "1-0"]
[WhiteElo "1418"]
[BlackElo "1717"]
[PlyCount "95"]
[EventDate "2020.01.04"]
[EventType "swiss"]
[EventRounds "6"]
[EventCountry "CRO"]
[SourceTitle "CBM 195 Extra"]
[Source "ChessBase"]
[SourceDate "2020.05.31"]
[SourceVersion "1"]
[SourceVersionDate "2020.05.31"]
[SourceQuality "1"]

1. e4 d5 2. exd5 Qxd5 3. Nc3 Qa5 4. Bc4 Nf6 5. d3 c6 6. Nf3 Bf5 7. a3 e6 8. Be3 Qc7 9. Qd2 Nbd7 10. Ba2 Bd6 11. h3 Nb6 12. Bb3 h6 13. Ne2 0-0-0 14. 0-0-0 Rd7 15. Qa5 Kb8 16. c4 Nc8 17. Qc3 Rhd8 18. Bc2 Be7 19. Ne5 Bd6 20. Nxd7+ Rxd7 21. c5 Be5 22. d4 Nd5 23. Qb3 Bxc2 24. Kxc2 Bf6 25. Kb1 Nce7 26. Ng3 Qd8 27. Ne4 Nf5 28. g4 Ndxe3 29. fxe3 Ne7 30. Nd6 Nd5 31. e4 Nf4 32. Qe3 Ng6 33. e5 Bg5 34. Qf2 Nh8 35. h4 Be7 36. Rdf1 Bxd6 37. exd6 Qa5 38. Qc2 g6 39. h5 Qd8 40. hxg6 fxg6 41. Rxh6 Qe8 42. Rf6 Rg7 43. Qe4 Rf7 44. Rxe6 Rf1+ 45. Ka2 Qg8 46. Rxh8 Qxh8 47. Re8+ Qxe8 48. Qxe8# 1-0

[Event "CRO-ch Top 10 U16"]
[Site "Rijeka"]
[Date "2020.01.05"]
[Round "4"]
[White "Mikulic, Petar"]
[Black "Sundac, Ivano"]
[Result "0-1"]
[WhiteElo "1717"]
[BlackElo "1379"]
[PlyCount "94"]
[EventDate "2020.01.04"]
[EventType "swiss"]
[EventRounds "6"]
[EventCountry "CRO"]
[SourceTitle "CBM 195 Extra"]
[Source "ChessBase"]
[SourceDate "2020.05.31"]
[SourceVersion "1"]
[SourceVersionDate "2020.05.31"]
[SourceQuality "1"]

1. d4 Nf6 2. Nf3 d5 3. Bf4 Bf5 4. e3 c6 5. Bd3 Bg6 6. 0-0 e6 7. c4 Bd6 8. Bg3 a5 9. Nc3 Bxg3 10. hxg3 Nbd7 11. Rc1 dxc4 12. Bxc4 Ne4 13. Bd3 Ng5 14. Nxg5 Qxg5 15. Ne4 Bxe4 16. Bxe4 h5 17. Qf3 h4 18. g4 Nf6 19. Bd3 Qxg4 20. Qxg4 Nxg4 21. Be2 Nf6 22. Rfd1 g5 23. f3 Nd5 24. Kf2 Ke7 25. e4 Nf4 26. a4 h3 27. g3 Nxe2 28. Kxe2 Rad8 29. Ke3 f5 30. Rc5 h2 31. Rh1 f4+ 32. gxf4 gxf4+ 33. Kxf4 Rxd4 34. Rc2 Rxa4 35. Rhxh2 Rxh2 36. Rxh2 Rb4 37. Rd2 b5 38. Ke3 e5 39. Ke2 Rc4 40. Kd1 Rd4 41. Rxd4 exd4 42. Kd2 c5 43. Kd3 b4 44. Kc4 a4 45. f4 a3 46. bxa3 bxa3 47. Kb3 d3 0-1